00842nam a22002777a 4500003000400000005001700004008004100021040002300062041000800085050001500093100003600108245005500144264005500199336002200254337002400276338002400300650002200324650002800346650002800374650002200402650003800424700003400462700003600496942001500532999001700547OSt20260530115319.0260508b1969 xxu||||| |||| 00| 0 eng d aICIbspacICIerda aeng aTJ145bO27 aO´Brien, Robert.eautor934120 aMachines /ceditores René Dubos ; Henry Margenau aEstados Unidos :bTIME - LIFE International,c1969 2rdacontentatexto 2rdamediaasin medio 2rdacarrieravolumen aMáquinas934121 aIngeniería mecánica aTecnología industrial aMaquinaria934124 aHistoria de la tecnologí934125 aDubos, René,eeditor934126 aMargenau, Henry,eeditor934127 2lcccBKn1 c13697d13697